| 000 | 00793nam a2200241Ia 4500 | ||
|---|---|---|---|
| 003 | GCL | ||
| 008 | 140319s9999 xx 000 0 ara d | ||
| 040 |
_aGCL / _cGCL |
||
| 082 | 0 | 4 |
_a301.24 _bم د |
| 100 | 1 | _aمحمد عاطف غيث | |
| 245 | 1 | 0 |
_aدراسة فى التحليل السوسيولوجى لتاريخ مصر الاجتماعى / _cمحمد عاطف غيث |
| 700 | 1 | _aمريم احمد مصطفى عبد الحميد | |
| 260 |
_a[S.N] : _bدار المعرفة الجامعية ، _c1994 |
||
| 300 | _a355 ص | ||
| 490 | _a | ||
| 650 | 0 | 4 | _aمصر |
| 650 | 0 | 4 | _aالمجتمع |
| 650 | 0 | 4 | _aالاجتماع |
| 650 | 0 | 4 | _aالانثربولوجيا |
| 650 | 0 | 4 | _aالتغير الاجتماعى |
| 650 | 0 | 4 | _aالاجتماع التاريخى |
| 942 |
_2ddc _cBK |
||
| 999 |
_c32507 _d32507 |
||